000
00305nam a22001457a 4500
008
210310b ||||| |||| 00| 0 eng d
020
_a
9781307168327
041
_a
eng
080
_a
573
082
_a
573
100
_a
11
101
_a
BIO
245
_a
General Biology I
_c
Mcgraw,H
942
_2
udc
_c
BK
999
_c
56133
_d
56133